000 00359pab a2200157 454500
008 180718b2007 xxu||||| |||| 00| 0 eng d
100 _aBharadwaj, Anshu
245 _aCarbon counting
260 _c2007
300 _ap.13-16.
362 _a15 Dec
650 _aClimatic change
773 _aEconomic and Political Weekly
908 _aN
909 _a76757
999 _c76757
_d76757